Gas chromatography : (Record no. 9525)
[ view plain ]
| 000 -LEADER | |
|---|---|
| fixed length control field | 00730cam a2200241I 4500 |
| 001 - CONTROL NUMBER | |
| control field | 9525 |
| 003 - CONTROL NUMBER IDENTIFIER | |
| rucl marc code | BD-RjUL |
| 005 - DATE AND TIME OF LATEST TRANSACTION | |
| control field | 20211208234807.0 |
| 008 - FIXED-LENGTH DATA ELEMENTS--GENERAL INFORMATION | |
| fixed length control field | 140120m19661962nyua b 00000 eng u |
| 035 ## - SYSTEM CONTROL NUMBER | |
| System control number | (BD-RjUL)9570 |
| 040 ## - CATALOGING SOURCE | |
| Transcribing agency | ORL |
| Modifying agency | OCL |
| -- | MBU |
| -- | BD-RjUL |
| Original cataloging agency | MBU |
| Language of cataloging | eng |
| 041 ## - LANGUAGE CODE | |
| Language code of text/sound track or separate title | eng |
| 082 04 - DEWEY DECIMAL CLASSIFICATION NUMBER | |
| Edition number | 18 |
| Classification number | 544.92 |
| Author mark and year | LIG 1966 |
| 099 #9 - LOCAL FREE-TEXT CALL NUMBER (OCLC) | |
| Bangla Class number | 36.H.204 |
| 100 10 - MAIN ENTRY--PERSONAL NAME | |
| Personal name | Littlewood, A. B. |
| 9 (RLIN) | 29515 |
| 245 10 - TITLE STATEMENT | |
| Title | Gas chromatography : |
| Remainder of title | principles, techniques, and applications. |
| Statement of responsibility, etc. | A B Littlewood. |
| 260 ## - PUBLICATION, DISTRIBUTION, ETC. (IMPRINT) | |
| Place of publication, distribution, etc. | New York : |
| Name of publisher, distributor, etc. | Academic Press, |
| Date of publication, distribution, etc. | c1962 [Printing 1966]. |
| 300 ## - PHYSICAL DESCRIPTION | |
| Pagination | 514 p. : |
| Illustrations | ill. ; |
| Size | 24 cm. |
| 504 ## - BIBLIOGRAPHY, ETC. NOTE | |
| Bibliography, etc | Includes bibliography. |
| 650 #0 - SUBJECT ADDED ENTRY--TOPICAL TERM | |
| Topical term or geographic name as entry element | Gas chromatography. |
| 9 (RLIN) | 29447 |
| Topical term or geographic name as entry element | Chromatography, Gas. |
| 9 (RLIN) | 29516 |
| 942 ## - ADDED ENTRY ELEMENTS (KOHA) | |
| Source of classification or shelving scheme | Dewey Decimal Classification |
| Koha item type | Books |
| Lost status | Source of classification or shelving scheme | Damaged status | Not for loan | Collection code | Permanent Location | Current Location | Shelving location | Date acquired | Source of acquisition | Cost, normal purchase price | Total Checkouts | Full call number | Date last seen | Copy number | Koha item type |
|---|---|---|---|---|---|---|---|---|---|---|---|---|---|---|---|
| Dewey Decimal Classification | Non-fiction | Central Library, University of Rajshahi | Central Library, University of Rajshahi | 23/08/1969 | Zeithlinger. | 156.60 | 544.92 LIG 1966 | 21/01/2014 | C-4 | Books | |||||
| Dewey Decimal Classification | Non-fiction | Central Library, University of Rajshahi | Central Library, University of Rajshahi | 23/08/1969 | Zeitlinger. | 156.60 | 544.92 LIG 1966 | 06/03/2014 | C-3 | Books | |||||
| Dewey Decimal Classification | Not For Loan | Non-fiction | Central Library, University of Rajshahi | Central Library, University of Rajshahi | Reading Room | 23/04/1987 | Zetlinger | 56.06 | 544.92 LIG 1966 | 13/05/2017 | C-1 | Books |